Titus / (Record no. 7046)
[ view plain ]
| 000 -LEADER | |
|---|---|
| fixed length control field | 01016nam a2200325Ia 4500 |
| 001 - CONTROL NUMBER | |
| control field | 64464 |
| 003 - CONTROL NUMBER IDENTIFIER | |
| control field | GBCCL |
| 005 - DATE AND TIME OF LATEST TRANSACTION | |
| control field | 20241126110618.0 |
| 008 - FIXED-LENGTH DATA ELEMENTS--GENERAL INFORMATION | |
| fixed length control field | 960223s1996 ilu b 001 0 eng d |
| 020 ## - INTERNATIONAL STANDARD BOOK NUMBER | |
| International Standard Book Number | 0802407587 |
| 020 ## - INTERNATIONAL STANDARD BOOK NUMBER | |
| International Standard Book Number | 9780802407580 |
| 035 ## - SYSTEM CONTROL NUMBER | |
| System control number | (OCoLC)34259859 |
| 040 ## - CATALOGING SOURCE | |
| Original cataloging agency | NA5 |
| Transcribing agency | NA5 |
| Modifying agency | LBB |
| 049 ## - | |
| -- | LBBK |
| 082 ## - DEWEY DECIMAL CLASSIFICATION NUMBER | |
| Classification number | 225.77 |
| Item number | MAC |
| 090 ## - LOCALLY ASSIGNED LC-TYPE CALL NUMBER (OCLC); LOCAL CALL NUMBER (RLIN) | |
| Classification number (OCLC) (R) ; Classification number, CALL (RLIN) (NR) | BS2755.3 |
| Local cutter number (OCLC) ; Book number/undivided call number, CALL (RLIN) | .M33 1996 |
| 092 ## - LOCALLY ASSIGNED DEWEY CALL NUMBER (OCLC) | |
| Classification number | 227.85 |
| Item number | M11 |
| 100 1# - MAIN ENTRY--PERSONAL NAME | |
| Personal name | MacArthur, John, |
| Dates associated with a name | 1939- |
| 9 (RLIN) | 1165 |
| 245 10 - TITLE STATEMENT | |
| Title | Titus / |
| Statement of responsibility, etc. | John MacArthur, Jr. |
| 250 ## - EDITION STATEMENT | |
| Edition statement | Indian edition |
| 260 ## - PUBLICATION, DISTRIBUTION, ETC. | |
| Place of publication, distribution, etc. | Chicago : |
| Name of publisher, distributor, etc. | Moody Press, |
| Date of publication, distribution, etc. | c1996. |
| 300 ## - PHYSICAL DESCRIPTION | |
| Extent | xiii, 181 p. ; |
| Dimensions | 24 cm. |
| 490 1# - SERIES STATEMENT | |
| Series statement | The MacArthur New Testament commentary |
| 504 ## - BIBLIOGRAPHY, ETC. NOTE | |
| Bibliography, etc. note | Includes bibliographical references (p. 171) and indexes. |
| 630 00 - SUBJECT ADDED ENTRY--UNIFORM TITLE | |
| Uniform title | Bible. |
| Name of part/section of a work | N.T. |
| -- | Titus |
| General subdivision | Commentaries. |
| 9 (RLIN) | 12479 |
| 730 0# - | |
| -- | Bible. |
| -- | N.T. |
| -- | Titus. |
| -- | English. |
| -- | New American Standard. |
| -- | 1996. |
| -- | 12480 |
| 740 01 - | |
| -- | Titus. |
| 800 1# - | |
| -- | MacArthur, John, |
| -- | 1939- |
| -- | MacArthur New Testament commentary. |
| -- | 12401 |
| 942 ## - ADDED ENTRY ELEMENTS (KOHA) | |
| Source of classification or shelving scheme | Dewey Decimal Classification |
| Koha item type | Reference Books |
| Withdrawn status | Lost status | Source of classification or shelving scheme | Damaged status | Not for loan | Home library | Current Library | Shelving location | Date acquired | Total checkouts | Full call number | Barcode | Date last seen | Copy number | Price effective from | Koha item type |
|---|---|---|---|---|---|---|---|---|---|---|---|---|---|---|---|
| Dewey Decimal Classification | GRACE BIBLE COLLEGE | GRACE BIBLE COLLEGE | Commentary | 2018-07-06 | 225.77 MAC | 013065 | 2025-05-01 | c.1 | 2018-07-06 | Reference Books |